[Event "Bangkok op 14th"]
[Site "Bangkok"]
[Date "2014.04.16"]
[Round "6"]
[White "Safranska, Anda"]
[Black "Purnama, Eri"]
[Result "1-0"]
[WhiteElo "2286"]
[BlackElo "2146"]
[PlyCount "105"]
[EventDate "2014.04.12"]
[EventType "swiss"]
[EventRounds "9"]
[EventCountry "THA"]
[SourceTitle "CBM 159 Extra"]
[Source "ChessBase"]
[SourceDate "2014.04.24"]
[SourceVersion "1"]
[SourceVersionDate "2014.04.24"]
[SourceQuality "1"]

1. Nf3 d5 2. g3 c6 3. Bg2 Bg4 4. d3 Nd7 5. 0-0 Ngf6 6. Qe1 e5 7. e4 dxe4 8. dxe4 Qc7 9. Nbd2 Nc5 10. h3 Bh5 11. Nh4 Nfd7 12. f4 f6 13. Nc4 Ne6 14. Be3 b5 15. Nd2 Bc5 16. Nf5 Bf7 17. Bxc5 Ndxc5 18. Qf2 0-0 19. Ne3 Nd7 20. f5 Nec5 21. g4 Na4 22. b3 Nc3 23. Nb1 Nxb1 24. Rfxb1 Rfd8 25. a4 a6 26. h4 Nc5 27. axb5 axb5 28. g5 Qd6 29. Rxa8 Rxa8 30. Rd1 Qe7 31. Nf1 Kf8 32. Qe3 Ra2 33. gxf6 gxf6 34. Qh6+ Ke8 35. Ne3 Nd7 36. Rd3 Qc5 37. Kh2 Ke7 38. Qxh7 Ra8 39. Rxd7+ Kxd7 40. Qxf7+ Qe7 41. Qxe7+ Kxe7 42. Bf1 Ra1 43. Kg2 Re1 44. Kf2 Rc1 45. Ke2 Ra1 46. Kd2 Ra8 47. Be2 Rg8 48. h5 Rg3 49. b4 Rg1 50. Nf1 Rh1 51. Ke3 Kd6 52. Kf2 c5 53. Bf3 1-0

[Event "Bangkok op 14th"]
[Site "Bangkok"]
[Date "2014.04.13"]
[Round "3"]
[White "Bersamina, Paulo"]
[Black "Purnama, Eri"]
[Result "1/2-1/2"]
[WhiteElo "2325"]
[BlackElo "2146"]
[PlyCount "129"]
[EventDate "2014.04.12"]
[EventType "swiss"]
[EventRounds "9"]
[EventCountry "THA"]
[SourceTitle "CBM 159 Extra"]
[Source "ChessBase"]
[SourceDate "2014.04.24"]
[SourceVersion "1"]
[SourceVersionDate "2014.04.24"]
[SourceQuality "1"]

1. e4 c5 2. Nf3 Nc6 3. d4 cxd4 4. Nxd4 Nf6 5. Nc3 g6 6. Nxc6 bxc6 7. e5 Nh5 8. Bc4 d5 9. exd6 Qxd6 10. 0-0 Bg7 11. Ne4 Qxd1 12. Rxd1 Bf5 13. Re1 0-0 14. c3 Rad8 15. Nc5 Rfe8 16. Be3 Nf6 17. Na6 Rd7 18. Nb4 Be4 19. Na6 Bd5 20. Be2 Rb7 21. c4 Be6 22. Bd4 Rd8 23. Nc5 Rc7 24. Be5 Rcc8 25. Nxe6 fxe6 26. Bf3 Kf7 27. Rad1 c5 28. Bb7 Rxd1 29. Rxd1 Re8 30. b3 Ng4 31. Bxg7 Kxg7 32. h3 Nf6 33. Kf1 Kf7 34. Ke2 Rb8 35. Bf3 Rb6 36. Rd8 Ra6 37. Rd2 Rd6 38. g3 e5 39. Rb2 Rd4 40. Ke3 Ke6 41. Be2 Ne4 42. Bg4+ Kf6 43. Bf3 Nd6 44. Bg2 e4 45. Rd2 Ke5 46. Rxd4 Nf5+ 47. Ke2 Kxd4 48. Bh1 e5 49. Bg2 g5 50. Bh1 h5 51. Bg2 h4 52. g4 Ng7 53. b4 Ne6 54. bxc5 Nxc5 55. Kd2 Nd3 56. Bf1 Nc5 57. Bg2 Nb7 58. Bf1 a5 59. Be2 Nd6 60. Bf1 Nb7 61. Be2 Nc5 62. Bf1 Ne6 63. Be2 Nc5 64. Bf1 Nb7 65. Be2 1/2-1/2

[Event "Bangkok op 14th"]
[Site "Bangkok"]
[Date "2014.04.12"]
[Round "1"]
[White "Liu, Qingnan"]
[Black "Purnama, Eri"]
[Result "1-0"]
[WhiteElo "2500"]
[BlackElo "2146"]
[PlyCount "66"]
[EventDate "2014.04.12"]
[EventType "swiss"]
[EventRounds "9"]
[EventCountry "THA"]
[SourceTitle "CBM 159 Extra"]
[Source "ChessBase"]
[SourceDate "2014.04.24"]
[SourceVersion "1"]
[SourceVersionDate "2014.04.24"]
[SourceQuality "1"]

1. e4 c5 2. Nf3 Nc6 3. Bb5 g6 4. 0-0 Bg7 5. Re1 Nf6 6. Nc3 0-0 7. e5 Ng4 8. Bxc6 dxc6 9. d3 Nh6 10. Bf4 Nf5 11. Ne4 b6 12. c3 Ba6 13. d4 cxd4 14. cxd4 Qd7 15. Qd2 Rfd8 16. Rad1 Bf8 17. Qc1 Rac8 18. b3 Qd5 19. Qa3 Bb7 20. Qxa7 c5 21. Nc3 Qc6 22. d5 Qc7 23. e6 Qxf4 24. exf7+ Kxf7 25. Qxb7 Nd4 26. Ne5+ Kg8 27. Qxb6 Rd6 28. Qb7 Rcd8 29. Nd3 Qg5 30. Re3 Qf5 31. Nxc5 Rf6 32. N5e4 Rf7 33. Qb6 e5 1-0